000 00423nam a2200145Ia 4500
008 220214s9999 xx 000 0 und d
022 _a0007-4861
245 0 _aBULLETIN OF ENVIRONMENTAL CONTAMINATION AND TOXICOLOGY
260 _bSpringer Verlag, New York
_aUSA
310 _aM
500 _aEnding Volume & Year: 45, 1990
500 _aMissing Volume: 42;43
500 _aStarting Volume & Year: 40, 1988
942 _cBJ
999 _c15593
_d15593